Adivinhe os times: Amapaense 2025 - Statistics

Estatísticas Gerais
  • Esse quiz foi jogado 20 vezes
  • A pontuação média é 6 de 8
Estatísticas das Respostas
Imagem Resposta % Correto
Trem
94%
Santos AP
82%
Independente
76%
Oratório
76%
Santana
76%
Ypiranga
76%
Portuguesa AP
65%
Cristal
59%
Nenhum quiz correspondente encontrado
Distribuição das Pontuações
Porcentagem de Pessoas com Cada Pontuação
Percentil de Números Respondidos
Sua Pontuação Histórica
Você não jogou esse quiz